00473npc a2200169Ia 4500001001400000003001000014008004100024040002500065041000700090100001100097245003900108250001100147260002300158300001100181500009600192650001500288ist299-52528 IT-MiCISF161014s9999||||xx | und|| aIT-MiCISFcIT-MiCISF ait aAA.VV. 0aIl matrimonio in ItaliabAnno 2013 a1a ed. a RomabIstatc2014 app. 11 aIstituto Nazionale di Statistica / matrimonio, società, nuzialità, matrimonio-civile /  amatrimonio